Normal view MARC view

Entry Nombre personal

Number of records used in: 1

001 - NÚMERO DE CONTROL

  • campo de control: 845

003 - IDENTIFICADOR DE NÚMERO DE CONTROL

  • campo de control: AR-BaBN

005 - FECHA Y HORA DE LA ÚLTIMA TRANSACCIÓN

  • campo de control: 20260310153145.0

008 - ELEMENTOS DE DATO DE LONGITUD-FIJA

  • campo de control de longitud fija: 901120nn azznnaabn a aaa

016 7# - NÚMERO DE CONTROL DE UNA AGENCIA BIBLIOGRÁFICA NACIONAL

  • Número de control del registro: 000046964
  • Fuente: AR-BaBN

024 7# - IDENTIFICADOR DE OTROS ESTÁNDARES

  • Número estándar o código: http://viaf.org/viaf/105154898
  • Fuente: viaf

024 7# - IDENTIFICADOR DE OTROS ESTÁNDARES

  • Número estándar o código: 0000000121035964
  • Fuente: isni
  • URI de un objeto del mundo real: https://isni.org/isni/0000000121035964

024 7# - IDENTIFICADOR DE OTROS ESTÁNDARES

  • Número estándar o código: Q163118
  • Fuente: wikidata
  • URI de un objeto del mundo real: https://www.wikidata.org/entity/Q163118

040 ## - FUENTE DE CATALOGACIÓN

  • Centro catalogador/agencia de origen: SpMaBN
  • Lengua de catalogación: spa
  • Centro/agencia transcriptor: SpMaBN
  • Normas de descripción: rdc
  • Convención/Normas de encabezamiento de materia/tesauro: embne
  • Centro/agencia modificador: AR-BaBN
  • Normas de descripción: aacr

043 ## - CÓDIGO DE ÁREA GEOGRÁFICA

  • Código de área geográfica: e-be---
  • Código de área geográfica: e-fr---

046 ## - FECHAS CON CODIFICACIÓN ESPECIAL

  • Fecha de nacimiento: 1903
  • Fecha de la muerte: 1987
  • Fuente del esquema de fecha: edtf

075 ## - TIPO DE ENTIDAD

  • Término tipo de entidad: persona
  • Fuente: rda

100 1# - ENCABEZAMIENTO-NOMBRE DE PERSONA

  • Nombre de persona: Yourcenar, Marguerite,
  • Fechas asociadas al nombre: 1903-1987

370 ## - LUGAR ASOCIADO

  • Lugar de nacimiento: Bruselas (Bélgica)
  • Lugar de fallecimiento: Maine (Estados Unidos)
  • País asociado: Francia

372 ## - CAMPO DE ACTIVIDAD

  • Campo de actividad: Literatura

374 ## - OCUPACIÓN

  • Ocupación: Escritores

375 ## - GÉNERO/SEXO

  • Género: Mujer

377 ## - IDIOMA ASOCIADO

  • Código del idioma: fre
  • Término de lengua/lenguaje: francés

400 0# - TRAZADO DE VÉASE--NOMBRE DE PERSONA

  • Nombre de persona: Yourcenar,
  • Fechas asociadas al nombre: 1903-1987

400 1# - TRAZADO DE VÉASE--NOMBRE DE PERSONA

  • Nombre de persona: Crayencour, Marguerite de,
  • Fechas asociadas al nombre: 1903-1987

670 ## - FUENTE DE DATOS ENCONTRADOS

  • Cita de la fuente: Memorias de Adriano, 1986:
  • Información encontrada: port. (Marguerite Yourcenar)

670 ## - FUENTE DE DATOS ENCONTRADOS

  • Cita de la fuente: Cuentos completos, 2010:
  • Información encontrada: port. (Yourcenar)

670 ## - FUENTE DE DATOS ENCONTRADOS

  • Cita de la fuente: Dic. de escritores célebres, 1995:
  • Información encontrada: (Yourcenar, Marguerite; seud. de la escritora francesa de origen belga Marguerite Cleenewerck de Crayencour (Bruselas, 1903-Maine, EE.UU., 1987)

670 ## - FUENTE DE DATOS ENCONTRADOS

  • Cita de la fuente: WWW BN-OPALE Plus, 23-1-2001:
  • Información encontrada: (Yourcenar, Marguerite (1903-1987))